UNA HISTORIA FAMILIAR /

TRADUCCION DE: GRETCHEN SACKMEIER EINE FAMILIENGESCHICHTE

Gardado en:
Detalles Bibliográficos
Autor Principal: Nöstlinger, Christine (autor)
Formato: Libro
Series:BIBLIOTECA JUVENIL ; 10
Temas:
Etiquetas: Engadir etiqueta
Sen Etiquetas, Sexa o primeiro en etiquetar este rexistro!

MARC

LEADER 00000nam^a2200000^a^4500
001 000232651
005 20250521000000.0
009 20260310104612.265
020 |a 84-345-8590-1 
035 |a 056024 
037 |a Acervo Xavier Clavigero 
082 |a 833. 9 NOS 
100 |a Nöstlinger, Christine  |e (autor) 
245 1 4 |a UNA HISTORIA FAMILIAR /  |c CHRISTINE NOSTLINGER ; TR. MARISA DELGADO 
264 |a BARCELONA :  |b SALVAT, ALFAGUARA,  |c 1987 
300 |a 183 p. 
336 |a texto  |b txt  |2 rdacontenido 
337 |a sin mediación  |b n  |2 rdamedio 
338 |a volumen  |b nc  |2 rdasoporte 
440 |a BIBLIOTECA JUVENIL ;  |v 10 
520 |a TRADUCCION DE: GRETCHEN SACKMEIER EINE FAMILIENGESCHICHTE 
649 |a XX 
650 |a Novela Alemana 
650 |a Literatura Alemana -  |y Siglo XX 
910 |a Fondo General 
920 |a Impresos - Libros 
930 |a Colección General 
940 |a Literatura 
905 |a 101 
901 |a 056024  |b IT1  |c LIT  |i 056024  |u 20250521 
902 |a https://opac.biblio.iteso.mx/vufind/Record/000232651